[Event "VII Open"]
[Site "Tarragona ESP"]
[Date "2006.08.24"]
[Round "6"]
[White "Gruenfeld,Y"]
[Black "Fedorchuk,S"]
[Result "1-0"]
[WhiteElo "2478"]
[BlackElo "2592"]

1.e4 c5 2.Nf3 e6 3.d4 cxd4 4.Nxd4 Nc6 5.Nc3 Qc7 6.Be2 a6 7.O-O Nf6 8.Be3 Be7
9.f4 d6 10.Kh1 O-O 11.Qe1 Bd7 12.Qg3 Nxd4 13.Bxd4 Bc6 14.Bd3 g6 15.e5 Nh5
16.Qe3 b5 17.Ne4 dxe5 18.fxe5 Qb7 19.Kg1 Rfd8 20.Rf2 Qd7 21.c3 Bh4 22.Rf3 Ng7
23.Qh6 Nh5 24.Rh3 Bxe4 25.Bxe4 Qe7 26.Be3 Rac8 27.g4 Rc4 28.Bf3 Rd3 29.gxh5 g5
30.Bd4 g4 31.Be4 f5 32.exf6 Rcxd4  1-0

[Event "VII Open"]
[Site "Tarragona ESP"]
[Date "2006.08.26"]
[Round "8"]
[White "Carlsson,P"]
[Black "Timoshenko,G"]
[Result "1/2-1/2"]
[WhiteElo "2453"]
[BlackElo "2550"]

1.e4 c5 2.Nf3 Nc6 3.Nc3 e6 4.d4 cxd4 5.Nxd4 Qc7 6.Be2 a6 7.O-O Nf6 8.Kh1 d6
9.f4 Be7 10.Be3 O-O 11.Qe1  1/2-1/2

[Event "TCh-Serbia w"]
[Site "Zlatibor SCG"]
[Date "2006.08.26"]
[Round "1"]
[White "Gaponenko,I"]
[Black "Randjelovic,D1"]
[Result "1-0"]
[WhiteElo "2458"]
[BlackElo "2076"]

1.e4 c5 2.Nf3 e6 3.d4 cxd4 4.Nxd4 Nc6 5.Nc3 Qc7 6.Be3 a6 7.Qd2 Nf6 8.O-O-O b5
9.Bf4 Ne5 10.Nf3 Nxf3 11.gxf3 Qc6 12.Rg1 Bb7 13.Be5 b4 14.Ne2 d5 15.Qf4 h5
16.Bxf6 gxf6 17.exd5 exd5 18.Kb1 Qd6 19.Qe3+ Qe5 20.Qb6  1-0

[Event "TCh-Serbia"]
[Site "Zlatibor SCG"]
[Date "2006.08.26"]
[Round "1"]
[White "Popovic,Du"]
[Black "Damljanovic,B"]
[Result "1-0"]
[WhiteElo "2523"]
[BlackElo "2625"]

1.e4 c5 2.Nf3 e6 3.d4 cxd4 4.Nxd4 Nc6 5.Nc3 Qc7 6.Be3 a6 7.Qd2 Nf6 8.O-O-O Bb4
9.f3 Ne5 10.Nb3 b5 11.Qe1 Be7 12.f4 Ng6 13.e5 Ng4 14.Bd2 Bb7 15.Bd3 f5 16.h3 Nh6
17.Rg1 O-O 18.Ne2 Bd5 19.g3 Bc4 20.Ba5 Qa7 21.Kb1 Rfc8 22.Qd2 Rab8 23.Ned4 Bf8
24.g4 Bxd3 25.cxd3 Ne7 26.Bb4 fxg4 27.hxg4 Nc6 28.Nxc6 dxc6 29.d4 Qf7 30.Rdf1 Bxb4
31.Qxb4 Nxg4 32.f5 h5 33.f6 Rf8 34.Nc5 gxf6 35.exf6 Qg6+ 36.Ka1 Rxf6 37.Re1 Rd8
38.Nxa6 Rdf8 39.Qc5 Kh8 40.Nb4 e5 41.dxe5 Rf5 42.Nxc6 Ra8 43.Nd4 Rg5 44.a3 Qd3
45.Qd6 Rg6 46.e6 Ra4 47.e7 Rxd6 48.e8=Q+  1-0

[Event "VIII Open"]
[Site "Sants ESP"]
[Date "2006.08.27"]
[Round "3"]
[White "Lopez Martinez,J"]
[Black "Genutis,M"]
[Result "1-0"]
[WhiteElo "2480"]
[BlackElo "2259"]

1.e4 c5 2.Nf3 e6 3.d4 cxd4 4.Nxd4 Nc6 5.Nc3 Qc7 6.Be3 a6 7.Qd2 Nf6 8.O-O-O Bb4
9.f3 Ne5 10.Kb1 b5 11.Nb3 Nc4 12.Bxc4 bxc4 13.Nc1 Rb8 14.Bf4 e5 15.Bg5 Ba3
16.b3 Qb6 17.Bxf6 Qxf6 18.Nd5 Qd8 19.Qc3 O-O 20.Qxc4 Bb7 21.Ne3 Bc6 22.Qc3 Re8
23.Nd3 f6 24.Nb2 Kh8 25.Nbc4 Bb4 26.Qb2 a5 27.Nf5 Rf8 28.h4 Bc5 29.h5 Qc7
30.h6 g6 31.Nfe3 a4 32.Nd5 Bxd5 33.Rxd5 axb3 34.cxb3 d6 35.Rhd1 Rfd8 36.f4 Kg8
37.fxe5 fxe5 38.Qc2 Qe7 39.Nxe5 Rdc8 40.Nc4 Qh4 41.Qd3 Qxh6 42.Nxd6 Bxd6
43.Rxd6 Qg7 44.Rd7 Qf6 45.Qd5+ Kh8 46.Rh1 h5 47.Rf7  1-0

[Event "TCh-Serbia w"]
[Site "Zlatibor SCG"]
[Date "2006.08.27"]
[Round "2"]
[White "Chelushkina,I"]
[Black "Bojkovic,N"]
[Result "1-0"]
[WhiteElo "2353"]
[BlackElo "2390"]

1.e4 c5 2.Nf3 e6 3.d4 cxd4 4.Nxd4 Nc6 5.Nc3 d6 6.Be2 Nf6 7.O-O Be7 8.Be3 O-O
9.a4 Nxd4 10.Qxd4 b6 11.Rfd1 e5 12.Qd3 Bb7 13.Bg5 Ne8 14.Bxe7 Qxe7 15.a5 bxa5
16.Rxa5 Qc7 17.Rda1 a6 18.h3 Nf6 19.Nd5 Nxd5 20.exd5 Rfc8 21.c4 Qb6 22.Qd2 Rc5
23.b4 Rxa5 24.bxa5 Qc7 25.Rb1 Rd8 26.Qb4 Rd7 27.Bg4 Re7 28.Qb6 g6 29.c5 f5
30.cxd6 Qxb6 31.Rxb6 Rd7 32.Be2 Bxd5 33.Bxa6 Kf7 34.Bc8 Ra7 35.a6 Ke8 36.Rb8 Kf7
37.Bb7 Be6 38.Ra8  1-0

[Event "TCh-Serbia"]
[Site "Zlatibor SCG"]
[Date "2006.08.27"]
[Round "2"]
[White "Leskur,D"]
[Black "Todorovic,GM"]
[Result "1/2-1/2"]
[WhiteElo "2477"]
[BlackElo "2477"]

1.e4 c5 2.Nf3 e6 3.Nc3 Nc6 4.d4 cxd4 5.Nxd4 Nf6 6.Ndb5 d6 7.Bf4 e5 8.Bg5 a6
9.Na3 b5 10.Nd5 Be7 11.Bxf6 Bxf6 12.c3 Bb7 13.Nc2 Nb8 14.a4 bxa4 15.Rxa4 Nd7
16.Ra2 O-O 17.Bc4 Nc5 18.Qe2 a5 19.O-O Bg5 20.Rd1  1/2-1/2

[Event "NH Hotels"]
[Site "Amsterdam NED"]
[Date "2006.08.28"]
[Round "9"]
[White "Stellwagen,D"]
[Black "Ljubojevic,L"]
[Result "1/2-1/2"]
[WhiteElo "2575"]
[BlackElo "2551"]

1.e4 c5 2.Nf3 e6 3.d4 cxd4 4.Nxd4 Nc6 5.Nc3 d6 6.Be3 Nf6 7.f3 d5 8.Bb5 Bd7
9.exd5 Nxd5 10.Nxd5 exd5 11.Qd2 Bd6 12.Nb3 O-O 13.O-O-O Be6 14.Kb1 Qc7 15.Bxc6 bxc6
16.Nc5 Rfe8 17.Bd4 f6 18.Rhe1 Bf7 19.g3 Rad8 20.b3 h5 21.Qc3 Kh7 22.Kb2 Qc8
23.Qa5 Bg6 24.Qxa7 Qf5 25.Nd3 Ra8 26.Qb7 Ba3+ 27.Kb1 c5 28.g4 hxg4 29.fxg4 Qxg4
30.Bxf6 Bxd3 31.Rg1 Bxc2+ 32.Ka1 Rab8 33.Qc7 Rbc8 34.Qb7 Rb8 35.Qc7  1/2-1/2

[Event "TCh-Serbia"]
[Site "Zlatibor SCG"]
[Date "2006.08.29"]
[Round "4"]
[White "Nadj Hedjesi,B"]
[Black "Arsovic,Z"]
[Result "0-1"]
[WhiteElo "2311"]
[BlackElo "2441"]

1.e4 c5 2.Nf3 e6 3.d4 cxd4 4.Nxd4 Nc6 5.Nc3 d6 6.Be3 Nf6 7.Qd2 Be7 8.f3 O-O
9.O-O-O a6 10.Kb1 Nxd4 11.Bxd4 b5 12.g4 Nd7 13.h4 Qc7 14.g5 b4 15.Ne2 Ne5
16.Ng1 a5 17.f4 Nc4 18.Bxc4 Qxc4 19.Ne2 e5 20.Be3 Be6 21.b3 Qxe4 22.Ng3 Qf3
23.Rhg1 exf4 24.Bxf4 a4 25.Rdf1 Qc6 26.Rf2 Rfc8 27.Rc1 axb3 28.cxb3 Qxc1+
29.Qxc1 Rxc1+ 30.Bxc1 d5 31.Bb2 h6 32.Nh5 hxg5 33.hxg5 Bf8 34.Bd4 Rc8 35.Kb2 Bg4
36.Nf4 Rd8 37.Nd3 Rc8 38.Rf4 Be2 39.Ne5 Bd6 40.Rf2 Bh5 41.Rh2 Re8 42.Rxh5 Bxe5
43.Rh4 Bd6 44.Rh3 Re2+ 45.Kb1 Bf4 46.Rh4 Bxg5 47.Rg4 Re4 48.Rxe4 dxe4 49.Bc5 Bd2
50.Kc2 e3  0-1

[Event "Universities"]
[Site "Istanbul TUR"]
[Date "2006.08.30"]
[Round "1"]
[White "Kockan,B"]
[Black "Sulashvili,M"]
[Result "0-1"]
[WhiteElo "1787"]
[BlackElo "2431"]

1.e4 c5 2.Nf3 e6 3.d4 cxd4 4.Nxd4 Nc6 5.Nc3 Qc7 6.g3 a6 7.Bg2 Nf6 8.a4 Be7
9.O-O O-O 10.h3 d6 11.Be3 Ne5 12.Nde2 Bd7 13.f4 Nc4 14.Bc1 Rac8 15.b3 Qb6+
16.Kh2 Ne3 17.Bxe3 Qxe3 18.Qd3 Qc5 19.Rac1 Rfd8 20.e5 dxe5 21.fxe5 Bc6 22.Qc4 Qxc4
23.bxc4 Nd7 24.Bxc6 Rxc6 25.Rcd1 Nxe5 26.Rxd8+ Bxd8 27.Rd1 Be7 28.Nf4 Rd6
29.Rxd6 Bxd6 30.Ne4 Nxc4 31.Nxd6 Nxd6  0-1

[Event "3rd Open"]
[Site "Kalamaria GRE"]
[Date "2006.08.31"]
[Round "2"]
[White "Lakakis,I"]
[Black "Ernst,S"]
[Result "0-1"]
[WhiteElo "1972"]
[BlackElo "2504"]

1.e4 c5 2.Nf3 e6 3.d4 cxd4 4.Nxd4 Nc6 5.Nc3 a6 6.Be2 Qc7 7.O-O Nf6 8.Be3 Be7
9.Nb3 b5 10.f4 d6 11.a3 O-O 12.Bd3 Rd8 13.Qe2 Rb8 14.Nd1 e5 15.f5 d5 16.Nf2 Bb7
17.exd5 Nxd5 18.Ne4 Nf6 19.c3 Nxe4 20.Bxe4 Na5 21.f6 Bxf6 22.Nc5 Bxe4 23.Nxe4 Be7
24.Qg4 Nc4 25.Bh6 Qb6+  0-1

[Event "VIII Open"]
[Site "Sants ESP"]
[Date "2006.08.31"]
[Round "7"]
[White "Alsina Leal,D"]
[Black "Almeida Toledano,D"]
[Result "1-0"]
[WhiteElo "2428"]
[BlackElo "2250"]

1.e4 c5 2.Nf3 e6 3.d4 cxd4 4.Nxd4 Nc6 5.Nc3 Qc7 6.Be3 a6 7.Bd3 b5 8.Nxc6 Qxc6
9.O-O Bb7 10.Kh1 Nf6 11.f3 d6 12.a4 b4 13.Ne2 Be7 14.Qe1 d5 15.e5 Nd7 16.Nd4 Qc7
17.f4 Nc5 18.Bd2 Qb6 19.a5 Nxd3 20.Qe3 Qa7 21.Qxd3 Bc5 22.c3 g6 23.Nb3 bxc3
24.Bxc3 O-O 25.Nxc5 Qxc5 26.Bd4 Qb4 27.Qe3 Rac8 28.f5 Rfe8 29.f6 Rc2 30.Rfd1 Rec8
31.h3 Bc6 32.Rac1 Ba4  1-0

[Event "Rudenko Mem"]
[Site "St Petersburg RUS"]
[Date "2006.08.31"]
[Round "6"]
[White "Pogonina,N"]
[Black "Cherenkova,K"]
[Result "1/2-1/2"]
[WhiteElo "2441"]
[BlackElo "2224"]

1.e4 c5 2.Nf3 e6 3.d4 cxd4 4.Nxd4 Nc6 5.Nc3 a6 6.Be3 Nf6 7.Bd3 Qc7 8.O-O Bd6
9.h3 Bf4 10.Bxf4 Qxf4 11.Nde2 Qc7 12.Qd2 O-O 13.a4 Rd8 14.Rad1 d5 15.exd5 Nxd5
16.Qg5 Qe7 17.Qg3 Nf6 18.Ne4 Bd7 19.N2c3 Nxe4 20.Nxe4 Be8 21.c3 Rd5 22.Bc2 Rad8
23.Bb3 Rxd1 24.Rxd1 Rxd1+ 25.Bxd1 e5 26.b4 f5 27.Ng5 Kh8 28.Bb3 h6 29.Ne6 Qf6
30.Nc5 Nd8 31.Qd3 e4 32.Qd2 Bc6 33.b5 axb5 34.axb5 Bxb5 35.Qd5 Qf8 36.Nxb7 Nxb7
37.Qxb7 Bd3 38.Qd7 f4 39.Be6 Qb8 40.c4 Bc2 41.c5 e3 42.fxe3 fxe3 43.c6 e2
44.Kf2 Ba4 45.Bf7 Bxc6 46.Qxc6 Qa7+ 47.Kxe2 Qxf7  1/2-1/2

[Event "TCh-Serbia w"]
[Site "Zlatibor SCG"]
[Date "2006.08.31"]
[Round "6"]
[White "Peptan,C"]
[Black "Bojkovic,N"]
[Result "1-0"]
[WhiteElo "2425"]
[BlackElo "2390"]

1.e4 c5 2.Nf3 e6 3.d4 cxd4 4.Nxd4 Nc6 5.Nc3 d6 6.Be2 Nf6 7.O-O Be7 8.Kh1 O-O
9.f4 Nxd4 10.Qxd4 b6 11.Be3 Bb7 12.Rad1 Qc8 13.e5 Nd5 14.Nxd5 Bxd5 15.exd6 Bxd6
16.c4 Bc5 17.Qe5 f6 18.Qc3 Be4 19.Bf3 Bxf3 20.Rxf3 Bxe3 21.Rxe3 Qc6 22.Qd3 Rfe8
23.Rh3 f5 24.Rg3 Qc7 25.Qd7 Re7 26.Qd4 Rc8 27.b3 Qc5 28.Qd3 Qc7 29.Qd2 Ree8
30.Rd3 Re7 31.Rd6 Qc5 32.h3 b5 33.Qe2 bxc4 34.Rd8+ Rxd8 35.Rxd8+ Kf7 36.Qh5+  1-0

[Event "TCh-Serbia"]
[Site "Zlatibor SCG"]
[Date "2006.08.31"]
[Round "6"]
[White "Tseshkovsky,V"]
[Black "Markus,R"]
[Result "1/2-1/2"]
[WhiteElo "2576"]
[BlackElo "2586"]

1.e4 c5 2.Nf3 e6 3.d4 cxd4 4.Nxd4 Nc6 5.Nc3 Qc7 6.Be3 a6 7.Qd2 Nf6 8.O-O-O Bb4
9.f3 Ne5 10.Nb3 b5 11.Qf2 Bxc3 12.Bb6 Qb8 13.bxc3 d6 14.Ba5 Nc4 15.Qg3 Nh5
16.Qg5 Nxa5 17.Nxa5 Qc7 18.Nb3 g6 19.g4 Ng7 20.Qd2 O-O 21.Qxd6 Qxc3 22.Rd3 Qe1+
23.Kb2 Qf2 24.h4 h5 25.g5 Ra7 26.Qh2 Qb6 27.Qd6 Qf2  1/2-1/2

[Event "II Magistral"]
[Site "Guarapari BRA"]
[Date "2006.09.01"]
[Round "5"]
[White "Bittencourt,J"]
[Black "Diamant,A"]
[Result "1/2-1/2"]
[WhiteElo "2419"]
[BlackElo "2306"]

1.e4 c5 2.Nf3 e6 3.d4 cxd4 4.Nxd4 Nc6 5.Nc3 a6 6.Nxc6 bxc6 7.Bd3 d5 8.O-O Nf6
9.Qe2 Be7 10.b3 O-O 11.Bb2 Bb7 12.Rad1 Qc7 13.Na4 dxe4 14.Bxe4 Nxe4 15.Qxe4 c5
16.Qg4 g6 17.Rd3 Rad8 18.Rh3 Rd5 19.Qc4 Qc6 20.Qc3 f6 21.f3 c4 22.Qe3 e5
23.Rh4 cxb3 24.cxb3 Qe6 25.Rc4 Rfd8 26.Rc7 R8d7 27.Rxd7 Qxd7 28.Nb6 Rd3 29.Nxd7 Rxe3
30.Rc1 Re2 31.Rc7 Rxb2 32.Rxb7 Rxa2 33.g4 Ra5 34.Kf2 Rb5 35.Rxb5 axb5 36.Ke2 Kf7
37.Nb8 Ke6 38.Nc6 Kd6 39.Nb4 Kc5 40.Nc2 Bf8 41.Kd3 Kd5 42.Ne3+ Ke6 43.Nc2 f5
44.h3 Kf6 45.Ke2 Kg5 46.Kf2 Kf4 47.gxf5 Bc5+ 48.Kg2 gxf5 49.b4 Be7 50.Na3 Bxb4
51.Nxb5 Ke3 52.Nc7 Ke2 53.Nd5 Bd2 54.Nf6 h6 55.Nh5 Ke1 56.Nf6 e4 57.Nxe4  1/2-1/2

[Event "TCh-Serbia"]
[Site "Zlatibor SCG"]
[Date "2006.09.01"]
[Round "7"]
[White "Marinkovic,Sl"]
[Black "Perunovic,Mil"]
[Result "0-1"]
[WhiteElo "2389"]
[BlackElo "2526"]

1.e4 c5 2.Nf3 e6 3.d4 cxd4 4.Nxd4 Nc6 5.Nc3 Qc7 6.g3 a6 7.Bg2 Nf6 8.O-O Bc5
9.Bf4 e5 10.Nb3 exf4 11.Nxc5 d6 12.Nd3 fxg3 13.hxg3 h5 14.Nd5 Qd8 15.Qe1 Kf8
16.Qc3 Nxd5 17.exd5 Ne7 18.Rae1 Bf5 19.Re3 Qd7 20.Rfe1 Ng6 21.Be4 Kg8 22.Qd4 b5
23.c4 Bxe4 24.Rxe4 bxc4 25.Qxc4 Kh7 26.Qc2 Qf5 27.Qc4 Rhc8 28.Qd4 Rc2 29.Nf4 Rb8
30.b4 Rxa2 31.Kg2 Rb5 32.Nxh5 Ne5 33.Rxe5 dxe5 34.Rh1  0-1

[Event "Rudenko Mem"]
[Site "St Petersburg RUS"]
[Date "2006.09.02"]
[Round "8"]
[White "Zdebskaja,N"]
[Black "Cherenkova,K"]
[Result "1/2-1/2"]
[WhiteElo "2344"]
[BlackElo "2224"]

1.e4 c5 2.Nf3 e6 3.d4 cxd4 4.Nxd4 Nc6 5.Nc3 a6 6.Be2 Qc7 7.O-O Nf6 8.Be3 b5
9.a3 Bb7 10.Kh1 Be7 11.f4 Nxd4 12.Qxd4 O-O 13.e5 Nd5 14.Nxd5 Bxd5 15.c3 Rac8
16.Bf3 Bc5 17.Qxc5 Qxc5 18.Bxc5 Rxc5 19.Rad1 d6 20.exd6 Rd8 21.b4 Rxc3 22.Bxd5 exd5
23.Rxd5 Rxa3 24.g3 Kf8 25.f5 a5 26.bxa5 Rxa5 27.f6 Ra6 28.fxg7+ Kxg7 29.Rxb5  1/2-1/2

[Event "5th Kesarovski - Georgiev Mem"]
[Site "Sunny Beach BUL"]
[Date "2006.09.02"]
[Round "1"]
[White "Metz,Ha"]
[Black "Paskalev,D"]
[Result "1-0"]
[WhiteElo "2302"]
[BlackElo "1905"]

1.e4 c5 2.Nf3 e6 3.d4 cxd4 4.Nxd4 Nc6 5.Nc3 Qc7 6.Be3 a6 7.Bd3 b5 8.Nxc6 Qxc6
9.O-O Bb7 10.Qe2 b4 11.Nb1 Nf6 12.Nd2 d5 13.f3 Be7 14.e5 Nd7 15.f4 O-O 16.Nb3 Qc7
17.Rf3 g6 18.Rg3 a5 19.Rf1 a4 20.Nd4 Nc5 21.h4 Nxd3 22.cxd3 Ba6 23.h5 Bc5
24.hxg6 hxg6 25.Nxe6 Bxe3+ 26.Qxe3 fxe6 27.Rxg6+ Kf7 28.f5 Qa7 29.Rf6+ Kg7
30.d4 Rxf6 31.exf6+ Kf8 32.fxe6 Bxf1 33.Qh6+ Kg8 34.f7+  1-0

[Event "TCh-Serbia"]
[Site "Zlatibor SCG"]
[Date "2006.09.02"]
[Round "8"]
[White "Pikula,D"]
[Black "Markus,R"]
[Result "0-1"]
[WhiteElo "2545"]
[BlackElo "2586"]

1.e4 c5 2.Nf3 e6 3.d4 cxd4 4.Nxd4 Nc6 5.Nc3 Qc7 6.Be3 a6 7.Qd2 Nf6 8.O-O-O Be7
9.f3 O-O 10.g4 b5 11.g5 Ne8 12.f4 Nxd4 13.Bxd4 Bb7 14.Bg2 Rc8 15.Be5 d6 16.Bd4 b4
17.Ne2 e5 18.Be3 f5 19.Qd3 Bxe4 20.Bxe4 fxe4 21.Qxe4 Qc4 22.Qxc4+ Rxc4 23.Rdf1 Nc7
24.fxe5 dxe5 25.Rxf8+ Kxf8 26.h4 Kf7 27.Bd2 Ke6 28.c3 Nd5 29.Kd1 Rg4 30.Rh3 bxc3
31.Nxc3 Nf4 32.Bxf4 exf4 33.Ke1 Rg1+ 34.Ke2 Rg2+ 35.Kf3 Rxb2 36.Kxf4 Bd6+
37.Kg4 Rg2+ 38.Kf3 Rc2 39.Ke4 Be5 40.Nb1 Rxa2 41.Na3 Re2+ 42.Kf3 Rh2 43.Rxh2 Bxh2
44.Nc4 g6 45.Ke4 Bg3 46.h5 gxh5 47.Nd2 Bc7 48.Nc4 Bd8 49.Ne5 Bxg5 50.Nc6 Kd6
51.Nb4 a5 52.Nd3 h4 53.Nb2 Kc5 54.Na4+ Kb4 55.Nb6 Bd8  0-1

[Event "TCh-Serbia"]
[Site "Zlatibor SCG"]
[Date "2006.09.02"]
[Round "8"]
[White "Popovic,Pe"]
[Black "Vratonjic,S"]
[Result "1/2-1/2"]
[WhiteElo "2499"]
[BlackElo "2465"]

1.e4 c5 2.Nf3 e6 3.d4 cxd4 4.Nxd4 Nc6 5.Nc3 Qc7 6.Be2 a6 7.O-O Nf6 8.Kh1 Be7
9.Be3 O-O 10.f4 d6 11.Qe1 Nxd4 12.Bxd4 b5 13.a3 Bb7 14.Qg3 Rae8 15.Rae1 Bc6
16.Bf3 Rd8 17.Nd1 d5 18.Be5 Qc8 19.exd5 Bxd5 20.Bxd5 Rxd5 21.Ne3 Rc5 22.Bd4 Rc6
23.Nd5 exd5 24.Rxe7 Re6 25.Re1 Rxe1+ 26.Rxe1 Re8 27.Rxe8+ Nxe8 28.Qe3 Qd7
29.h3 f6 30.Bc5 Nc7 31.Bb4  1/2-1/2

[Event "FSIMA September"]
[Site "Budapest HUN"]
[Date "2006.09.03"]
[Round "2"]
[White "Citak,S"]
[Black "Balazs,G2"]
[Result "1/2-1/2"]
[WhiteElo "2258"]
[BlackElo "2277"]

1.e4 c5 2.Nf3 e6 3.d4 cxd4 4.Nxd4 Nc6 5.Nc3 Qc7 6.g3 a6 7.Bg2 Nf6 8.O-O Nxd4
9.Qxd4 Bc5 10.Bf4 d6 11.Qd3 h6 12.Na4 e5 13.Nxc5 dxc5 14.Be3 b6 15.Rad1 Bb7
16.Qd6 Rc8 17.Bh3 Qxd6 18.Rxd6 Rc6 19.Rfd1 O-O 20.f3 Ne8 21.Rxc6 Bxc6 22.Rd8 Bb7
23.c3 a5 24.b4 axb4 25.cxb4 Nf6 26.Rd6 Bc8 27.Bxc8 Rxc8 28.Rxb6 cxb4 29.Rxb4 Rc3
30.Rb8+ Kh7 31.Rb3 Rc2 32.Ra3 Ne8 33.Bf2 Nd6 34.Ra5 Nc4 35.Rc5 Rc1+  1/2-1/2

[Event "ch-AUT"]
[Site "Koeflach AUT"]
[Date "2006.09.03"]
[Round "2"]
[White "Ragger,M"]
[Black "Sommerbauer,N"]
[Result "1-0"]
[WhiteElo "2456"]
[BlackElo "2468"]

1.e4 c5 2.Nf3 Nc6 3.d4 cxd4 4.Nxd4 e6 5.Nc3 Qc7 6.Be3 Nf6 7.f4 Bb4 8.Nb5 Qa5
9.e5 Ne4 10.Qd3 Nxc3 11.bxc3 Be7 12.Bd2 O-O 13.Be2 f6 14.O-O fxe5 15.fxe5 Nxe5
16.Qg3 d6 17.Bh6 Ng6 18.Bd3 Rf6 19.Rxf6 Bxf6 20.Rf1 Qd8 21.Bxg6 hxg6 22.Nxd6 Bd7
23.Ne4 Be8 24.Bg5 Qb6+ 25.Be3 Qd8 26.Qg4 e5 27.Bg5 Bd7 28.Qh4 Bf5 29.Nxf6+ gxf6
30.Bxf6 Qb6+ 31.Kh1 Re8 32.Qh8+ Kf7 33.Qg7+ Ke6 34.Bxe5 Qe3 35.Qf6+ Kd5 36.Qd6+ Kc4
37.Rd1  1-0

[Event "Rudenko Mem"]
[Site "St Petersburg RUS"]
[Date "2006.09.03"]
[Round "9"]
[White "Sokolova,V"]
[Black "Ertel,T"]
[Result "1-0"]
[WhiteElo "2021"]
[BlackElo "1970"]

1.e4 c5 2.Nf3 e6 3.d4 cxd4 4.Nxd4 Nc6 5.Nc3 Nf6 6.Ndb5 Bb4 7.Bf4 Nxe4 8.Qf3 d5
9.Nc7+ Kf8 10.O-O-O Bxc3 11.bxc3 g5 12.Bg3 Qe7 13.Kb2 Nxg3 14.Qxg3 Rb8 15.Nb5 Bd7
16.Bd3 a6 17.Nd4 Kg7 18.Nf3 h6 19.h4 f6 20.hxg5 hxg5 21.Rh4 Rxh4 22.Nxh4 d4
23.cxd4 Qb4+ 24.Kc1 Qxd4 25.Nf3 Qa1+ 26.Kd2 Qxa2 27.Rh1 Qa5+ 28.Ke2 Ne5 29.Rh7+ Kg8
30.Nxg5 f5 31.Nxe6+  1-0

[Event "59th ch-RUS 1st League"]
[Site "Tomsk RUS"]
[Date "2006.09.03"]
[Round "1"]
[White "Shomoev,A"]
[Black "Kobalia,M"]
[Result "0-1"]
[WhiteElo "2528"]
[BlackElo "2647"]

1.e4 c5 2.Nf3 e6 3.d4 cxd4 4.Nxd4 Nc6 5.Nc3 a6 6.f3 Nxd4 7.Qxd4 Ne7 8.Be3 Nc6
9.Qb6 Bd6 10.Qxd8+ Kxd8 11.Na4 b5 12.Nb6 Rb8 13.Nxc8 Rxc8 14.O-O-O Ke7 15.f4 f6
16.g3 Na5 17.Kb1 Nc4 18.Bc1 Bc5 19.Rd3 Rc7 20.Bg2 b4 21.Rhd1 a5 22.c3 Rhc8
23.cxb4 axb4 24.b3 Nd6 25.Bb2 Nb5 26.Rc1 Bb6 27.Rxc7 Rxc7 28.Bf1 Rc8 29.Rf3 Nd4
30.Bxd4 Bxd4 31.Bc4 h5 32.Rd3 Bc5 33.Bb5 Rd8 34.Kc2 Bd6 35.Kd1 g5 36.fxg5 fxg5
37.Ke2 g4 38.Kf2 Rc8 39.Rd2 Rc1 40.e5 Bxe5 41.Rxd7+ Kf6 42.Ke3 Re1+ 43.Be2 Rh1
44.Rh7 Rxh2 45.Rh6+ Kg5 46.Rxe6 Bxg3 47.Re4 Be1 48.Kd3 g3 49.Bxh5 Kxh5 50.Rxe1 Rf2
51.Re8 Kg4 52.Rg8+ Kh3 53.Rh8+ Kg4 54.Rg8+ Kf3 55.Kc4 Rh2 56.Rf8+ Ke2 57.Re8+ Kf2
58.Kxb4 Rh4+ 59.Ka5 Rg4 60.Rc8 g2 61.Rc1 g1=Q 62.Rxg1 Rxg1 63.b4 Ke3 64.b5 Kd4
65.Kb6 Rg6+ 66.Ka7 Kc5 67.a4 Rg4  0-1

[Event "Universities"]
[Site "Istanbul TUR"]
[Date "2006.09.04"]
[Round "6"]
[White "Arzumanian,G"]
[Black "Sulashvili,M"]
[Result "1/2-1/2"]
[WhiteElo "2446"]
[BlackElo "2431"]

1.e4 c5 2.Nf3 e6 3.d4 cxd4 4.Nxd4 Nc6 5.Nc3 Qc7 6.Be2 a6 7.O-O Nf6 8.Kh1 Bb4
9.Qd3 Be7 10.f4 d6 11.Nxc6 bxc6 12.Qg3 O-O 13.e5 Nd7 14.exd6 Bxd6 15.Ne4 Be7
16.b3 a5 17.Bb2 f6 18.Qh3 Nb6 19.Bd3 h6 20.Qg4 Rf7 21.Qg6 f5 22.Be5 Qd8 23.Ng3 Nd7
24.Rad1 Nf8 25.Qh5 Qb6 26.Bc4 g6 27.Qf3 Bb7 28.Rd3 c5 29.Qe2 Ba6 30.Bxa6 Qxa6
31.Rfd1 c4 32.Rd6 Bxd6 33.Rxd6 Qb5 34.Bd4 Ra6 35.bxc4 Rh7 36.Qe5 Rd7 37.Rxa6 Qxa6
38.Ne4 Rf7 39.Qxf5 Nd7 40.Nf2  1/2-1/2

[Event "5th Kesarovski - Georgiev Mem"]
[Site "Sunny Beach BUL"]
[Date "2006.09.04"]
[Round "3"]
[White "Tzekov,S"]
[Black "Ochkov,R"]
[Result "1-0"]
[WhiteElo "2186"]
[BlackElo "1758"]

1.e4 c5 2.Nf3 e6 3.Nc3 Nc6 4.d4 cxd4 5.Nxd4 a6 6.Be3 Nf6 7.Qd2 d6 8.Be2 Qc7
9.O-O-O b5 10.Nxc6 Qxc6 11.e5 b4 12.Bf3 d5 13.exf6 bxc3 14.Qd4 cxb2+ 15.Kb1 Rg8
16.c4 Bb7 17.cxd5 Qd7 18.Qe5 gxf6 19.Qh5 Bxd5 20.Bxd5 exd5 21.Rhe1 O-O-O
22.Bb6 Rg5 23.Qf3 Qf5+ 24.Qxf5+ Rxf5 25.Bxd8 Kxd8 26.Re2 Bc5 27.g4 Rxf2 28.Rxd5+  1-0

[Event "59th ch-RUS 1st League"]
[Site "Tomsk RUS"]
[Date "2006.09.04"]
[Round "2"]
[White "Chebotarev,O"]
[Black "Grigoriants,S RUS"]
[Result "0-1"]
[WhiteElo "2505"]
[BlackElo "2579"]

1.e4 c5 2.Nf3 e6 3.d4 cxd4 4.Nxd4 Nc6 5.Nc3 a6 6.Nxc6 bxc6 7.Bd3 d5 8.Qe2 Nf6
9.O-O Be7 10.Bd2 O-O 11.Rae1 Re8 12.e5 Nd7 13.Na4 a5 14.c4 Ba6 15.b3 dxc4
16.Bxc4 Bxc4 17.Qxc4 Nxe5 18.Qc2 Qd3 19.Qc1 Qf5 20.Re3 Red8 21.Bc3 Ng6 22.Rf3 Qb5
23.Qb2 e5 24.Qc2 Ra7 25.Nb2 Bb4 26.a4 Qc5 27.Nc4 Rad7 28.Bb2 f6 29.Bc1 Qd4
30.h3 Ne7 31.Be3 Qd5 32.Rc1 Rb7 33.h4 Qd3 34.Qa2 Qe4 35.Bb6 Rd5 36.h5 h6
37.Qc2 Qxc2 38.Rxc2 e4 39.Re3 Nc8  0-1

[Event "5th Kesarovski - Georgiev Mem"]
[Site "Sunny Beach BUL"]
[Date "2006.09.05"]
[Round "4"]
[White "Lopez Pereyra,A"]
[Black "Katov,L"]
[Result "1-0"]
[WhiteElo "2138"]
[BlackElo "2226"]

1.e4 c5 2.Nf3 e6 3.d4 cxd4 4.Nxd4 Nc6 5.Nc3 Qc7 6.Be2 a6 7.O-O Nf6 8.Kh1 Be7
9.Be3 O-O 10.f4 d6 11.Qe1 Nxd4 12.Bxd4 b5 13.a3 Nd7 14.Bd3 Bb7 15.Qg3 Bf6
16.Bxf6 Nxf6 17.Rae1 Rac8 18.Qh4 Nd7 19.Re3 Rfe8 20.Rg3 Qd8 21.Qh3 Nf8 22.f5 exf5
23.exf5 Qf6 24.Qg4 Rc7 25.Ne2 Qxb2 26.f6 Ng6 27.fxg7 Rce7 28.Nf4 Re1 29.Nh5 Qa1
30.Qf5 Rxf1+ 31.Bxf1 Re1 32.Rf3 Ne5 33.Nf6+ Kxg7 34.Qxh7+ Kf8 35.Qg8+  1-0

[Event "TCh-POL Extraliga"]
[Site "Ustron POL"]
[Date "2006.09.05"]
[Round "4"]
[White "Deszczynski,A"]
[Black "Jaracz,P"]
[Result "1/2-1/2"]
[WhiteElo "2361"]
[BlackElo "2485"]

1.e4 c5 2.Nf3 e6 3.d4 cxd4 4.Nxd4 Nc6 5.Nc3 Qc7 6.g3 a6 7.Bg2 d6 8.O-O Bd7
9.Be3 Nf6 10.Qe2 Be7 11.Rad1 O-O 12.f4 Rac8 13.Nxc6 Bxc6 14.g4 b5 15.g5 Nd7
16.a3 Rfe8 17.h4 a5 18.Nxb5 Bxb5 19.Qxb5 Rb8 20.Qa4 Rxb2 21.e5 Rc8 22.exd6 Bxd6
23.Qd4 Rb6 24.f5 e5 25.Qd3 Bc5 26.Qxd7 Bxe3+ 27.Kh1 Qxd7 28.Rxd7 h6 29.Bd5 hxg5
30.Rxf7 Kh8 31.hxg5 Bxg5 32.c4 e4 33.Kg2 e3  1/2-1/2

[Event "3rd Open"]
[Site "Kalamaria GRE"]
[Date "2006.09.06"]
[Round "9"]
[White "Athanasiadis,M"]
[Black "Mastrovasilis,D"]
[Result "0-1"]
[WhiteElo "2064"]
[BlackElo "2567"]

1.e4 c5 2.Nf3 e6 3.d4 cxd4 4.Nxd4 Nc6 5.Nc3 Qc7 6.Nxc6 dxc6 7.Be3 Nf6 8.f3 Be7
9.Qd2 O-O 10.Bd3 e5 11.Qf2 Be6 12.O-O b5 13.Ne2 a6 14.Ng3 g6 15.Bh6 Rfd8
16.Nf5 Bxf5 17.exf5 Rd7 18.Rae1 Bf8 19.Bg5 Nd5 20.Qh4 Bg7 21.f6 Bf8 22.Re4 Nf4
23.Bxf4 exf4 24.Qxf4 Qxf4 25.Rxf4 Bc5+ 26.Kh1 Bd4 27.b3 Be5 28.Re4 Bxf6 29.f4 Rad8
30.g3 Bc3 31.f5 g5 32.Rf2 Kg7 33.Kg2 Kf6 34.Rfe2 Bb2 35.Re8 Ba3 36.Rxd8 Rxd8
37.Kf3 h5 38.h3 Bb2 39.Be4 c5 40.c4 Be5 41.cxb5 axb5 42.a4 bxa4 43.bxa4 Rb8
44.Bc2 Rb2 45.g4 h4 46.Kf2 Ra2 47.Bd1 Ra3 48.Rc2  0-1

[Event "ch-U20 w Panamerican"]
[Site "Bogota COL"]
[Date "2006.09.07"]
[Round "8"]
[White "Han,I"]
[Black "Chirivi,Y"]
[Result "1/2-1/2"]
[WhiteElo "2096"]
[BlackElo "2040"]

1.e4 c5 2.Nf3 e6 3.d4 cxd4 4.Nxd4 Nc6 5.Nc3 Qc7 6.Nxc6 bxc6 7.Bd3 Nf6 8.O-O Rb8
9.Kh1 d5 10.Qe2 d4 11.Nb1 e5 12.Nd2 Be6 13.Nc4 Bxc4 14.Bxc4 Bd6 15.f4 Qe7
16.b3 Rd8 17.f5 Bb4 18.Bg5 Bc3 19.Rad1 h5 20.Rd3 Rd6 21.Rh3 Qf8 22.Bxf6 Rxf6
23.Rxh5 Rxh5 24.Qxh5 Rh6 25.Qe2 Qe7 26.Qg4 Qf6 27.g3 Rh7 28.Kg2 Qh6 29.h4 Qf6
30.Rf2 a5 31.a4 Be1 32.Re2 Bc3 33.Qf3 Rh6 34.Qg4 Rh7 35.Ba6 Rh6 36.Bc4 Rh7
37.Kg1 Kf8 38.Rh2 Bb4 39.Qh3 Qh6 40.Qf1 Qe3+ 41.Qf2 Qxe4 42.Bd3 Qe1+ 43.Qxe1 Bxe1
44.Kg2 f6 45.Kf3 Rh8 46.Re2 c5 47.Be4 Bb4  1/2-1/2

[Event "FSIMA September"]
[Site "Budapest HUN"]
[Date "2006.09.07"]
[Round "6"]
[White "Torok,S"]
[Black "Balazs,G2"]
[Result "1-0"]
[WhiteElo "2311"]
[BlackElo "2277"]

1.e4 c5 2.Nf3 e6 3.d4 cxd4 4.Nxd4 Nc6 5.Nc3 a6 6.Be3 Nf6 7.Bd3 Qc7 8.O-O Ne5
9.h3 d6 10.Qe2 b5 11.f4 Ned7 12.g4 b4 13.Nd1 Bb7 14.Nf2 Nc5 15.Qf3 d5 16.e5 Nfe4
17.Bxe4 Nxe4 18.Nd3 h5 19.f5 hxg4 20.Qxg4 exf5 21.Rxf5 Be7 22.Nf4 Bc5 23.Nfe6 fxe6
24.Qg6+ Kd8 25.Nxe6+ Kc8 26.Nxc7 Kxc7 27.Rf7+  1-0